000 00335nam a2200145Ia 4500
008 090124s9999 xx 000 0 und d
082 _b205262
245 _aVITHAL RAMJI SHINDE
250 _a1
260 _bPAWAR G.M.
_c2000
300 _a83
630 _aVITHAL RAMJI SHINDE
730 _aVITHAL RAMJI SHINDE
942 _cBOOK
999 _c186843
_d186843